000 00324nam a2200133 4500
999 _c11800
_d11800
008 210112b ||||| |||| 00| 0 eng d
082 0 0 _a025
_bM2395
245 1 0 _aManorama Year Book /
250 _a30th ed.
260 _aKottayam:
_bMalayala Manorama,
_c1995.
300 _a815 p.
650 0 _aYearbook
942 _2ddc
_cBK